| 000 | 01362nam0a22002531 4500 | ||
|---|---|---|---|
| 001 | v19\rc\1483136 | ||
| 005 | 20260406182425.0 | ||
| 035 | _a(NLR Aleph) 004615506 | ||
| 090 |
_a2970708 _c2970708 |
||
| 100 | _a20060620d1879 |||y0rusy50 ca | ||
| 101 | 0 | _arus | |
| 102 | _aRU | ||
| 105 | _ay z ||||| | ||
| 200 | 1 |
_aЖурнал заседаний Комиссии, с участием представителей свеклосахарной промышленности и других ведомств, по пересмотру нормы работы сокодобывательных снарядов и по вопросу о размере акциза с туземного сахара _e[3, 5, 7, 12, 14, 16, 21 и 24 февр. 1879 г. _eС прил.] |
|
| 210 |
_aБелая Церковь _dценз. 1879 |
||
| 215 |
_a41, [17] с. _d29 |
||
| 309 | _aБез тит. л. и обл. | ||
| 710 | 0 | 1 |
_aРоссия _bМинистерство финансов _bКомиссия по пересмотру нормы работы сокодобывающих снарядов и по вопросу о размере акциза с туземного сахара _9390600 _3RU\NLR\AUTH\889947482 |
| 801 | 0 |
_aRU _bNLR _gpsbo |
|
| 801 | 0 |
_aRU _bRuMoRGB _2psbo |
|
| 801 | 1 |
_aRU _bProSoft-M _2rusmarc |
|
| 852 |
_aNLR _j18.133.2.261 |
||
| 942 | _cBOOK | ||
| 980 | _aNB | ||